<?xml version="1.0" encoding="UTF-8"?>
<marc:record xmlns:marc="http://www.loc.gov/MARC21/slim">
   <marc:leader>00000nam a2200000 a 4500</marc:leader>
   <marc:datafield ind1="1" ind2=" " tag="100">
      <marc:subfield code="a">Moser, Annette</marc:subfield>
      <marc:subfield code="4">aut</marc:subfield>
      <marc:subfield code="e">Verfasser/-in</marc:subfield>
   </marc:datafield>
   <marc:datafield ind1="1" ind2=" " tag="100">
      <marc:subfield code="a">Stubner, Angelika</marc:subfield>
      <marc:subfield code="4">aut</marc:subfield>
      <marc:subfield code="e">Verfasser/-in</marc:subfield>
   </marc:datafield>
   <marc:datafield ind1="1" ind2=" " tag="100">
      <marc:subfield code="a">Eicke, Wolfram</marc:subfield>
      <marc:subfield code="4">aut</marc:subfield>
      <marc:subfield code="e">Verfasser/-in</marc:subfield>
   </marc:datafield>
   <marc:datafield ind1="1" ind2=" " tag="100">
      <marc:subfield code="a">Stubner, Angelika</marc:subfield>
   </marc:datafield>
   <marc:datafield ind1="1" ind2=" " tag="100">
      <marc:subfield code="a">Ginsbach, Julia</marc:subfield>
   </marc:datafield>
   <marc:datafield ind1="1" ind2=" " tag="100">
      <marc:subfield code="a">Lovsin, Polona</marc:subfield>
   </marc:datafield>
   <marc:datafield ind1="0" ind2="0" tag="245">
      <marc:subfield code="a">Funkelschöne Weihnachtszeit</marc:subfield>
   </marc:datafield>
   <marc:datafield ind1="0" ind2="0" tag="245">
      <marc:subfield code="b">Das geheime Buch vom Weihnachtsmann, Die Himmelskinder-Weihnacht, Unter dem funkelnden Weihnachtsstern</marc:subfield>
   </marc:datafield>
   <marc:datafield ind1=" " ind2="1" tag="264">
      <marc:subfield code="a">Bindlach</marc:subfield>
      <marc:subfield code="b">Loewe</marc:subfield>
      <marc:subfield code="c">2017</marc:subfield>
   </marc:datafield>
   <marc:datafield ind1=" " ind2=" " tag="250">
      <marc:subfield code="a">1. Auflage</marc:subfield>
   </marc:datafield>
   <marc:datafield ind1="1" ind2=" " tag="520">
      <marc:subfield code="a">Angaben aus der Verlagsmeldung&lt;br/&gt;&lt;br/&gt;Funkelschöne Weihnachtszeit&lt;br/&gt;&lt;br/&gt;Drei bezaubernde Bilderbuchgeschichten über die wundervollste Zeit des Jahres.&lt;br/&gt;Wenn alles wunderbar geschmückt ist, die Tische sich vor lauter gutem Essen biegen und es tolle Geschenke gibt  dann ist Weihnachten!&lt;br/&gt;Doch was bedeutet eigentlich Weihnachten? Da sind sich die Tiere im Wald uneins und haben ganz unterschiedliche Vorstellungen von Heiligabend. Auch die Pinguine verstehen nicht, warum die Wünsche aller Kinder in einem Buch gesammelt werden. Und die Himmelskinder haben leider vergessen, warum sie auf die Erde geschickt wurden. Ob sie sich erinnern können, dass sie Gottes Segen zu den Menschen bringen wollten?&lt;br/&gt;&lt;br/&gt;Dieser Sammelband enthält die 3 bezaubernden Weihnachtsbilderbücher: Unter dem funkelnden Weihnachtsstern, Die Himmelskinder-Weihnacht und Das geheime Buch vom Weihnachtsmann. Der wattierte Einband und der Glitzer auf dem Umschlag machen dieses Bilderbuch zu einem tollen Weihnachtsgeschenk für Kinder ab 4 Jahren.</marc:subfield>
   </marc:datafield>
   <marc:datafield ind1=" " ind2=" " tag="020">
      <marc:subfield code="a">9783785586129</marc:subfield>
      <marc:subfield code="9">9783785586129</marc:subfield>
   </marc:datafield>
   <marc:datafield ind1=" " ind2=" " tag="041">
      <marc:subfield code="a">ger</marc:subfield>
   </marc:datafield>
   <marc:datafield ind1="1" ind2=" " tag="521">
      <marc:subfield code="a">0</marc:subfield>
   </marc:datafield>
   <marc:datafield ind1=" " ind2=" " tag="300">
      <marc:subfield code="a">circa 96 ungezählte </marc:subfield>
   </marc:datafield>
</marc:record>
